<?xml version="1.0" encoding="UTF-8"?>
<collection xmlns="http://www.loc.gov/MARC21/slim">
 <record>
  <leader>00421pamaa2200133   4500</leader>
  <controlfield tag="001">0000021156</controlfield>
  <controlfield tag="005">20061216090000.0</controlfield>
  <datafield tag="020" ind1="0" ind2="0">
   <subfield code="a">1853818682 (pbk) </subfield>
  </datafield>
  <datafield tag="090" ind1="0" ind2="0">
   <subfield code="a">PR1309.F3 </subfield>
   <subfield code="b">SHO 1996</subfield>
  </datafield>
  <datafield tag="245" ind1="0" ind2="0">
   <subfield code="a">Short circuits : </subfield>
   <subfield code="b">twelve new writers  </subfield>
   <subfield code="c">edited by Melanie Silgardo.</subfield>
  </datafield>
  <datafield tag="260" ind1="0" ind2="0">
   <subfield code="a">London : Virago Press, 1996.</subfield>
  </datafield>
  <datafield tag="300" ind1=" " ind2=" ">
   <subfield code="a">183 p. ; 20 cm.</subfield>
  </datafield>
  <datafield tag="650" ind1="0" ind2="0">
   <subfield code="a">Short stories, English -- </subfield>
   <subfield code="x">Women authors </subfield>
  </datafield>
  <datafield tag="650" ind1="0" ind2="0">
   <subfield code="a">English fiction -- </subfield>
   <subfield code="y">20th century </subfield>
  </datafield>
 </record>
</collection>
